000 00386 a2200157 4500
001 67221
020 _a9788508027859
040 _cAnchieta - Pituba
100 _aHaydt, Regina Cazaux
240 1 0 _aAvaliação do processo ensino-aprendizagem
_lpor
245 1 0 _aAvaliação do processo ensino-aprendizagem
300 _a159
362 0 _a2008
650 4 _aEducação
942 _cBK
999 _c67221
_d67221